| 000 | 00523nam a2200181Ia 4500 | ||
|---|---|---|---|
| 999 |
_c36966 _d36966 |
||
| 003 | OSt | ||
| 005 | 20201211100359.0 | ||
| 008 | 190216s9999||||xx |||||||||||||| ||und|| | ||
| 020 | _a9781846840876 | ||
| 040 | _coclc | ||
| 082 |
_a371.2950941 _bMCC/G |
||
| 100 |
_aMcCormack, Lan _97362 |
||
| 245 | 0 |
_aGetting The Students To Turn Up / _c Lan McCormack |
|
| 260 |
_bContinuum, _aLondon: _c2007. |
||
| 300 | _a156p | ||
| 650 | _aEnglish | ||
| 942 |
_cREF _2ddc _h371.2950941 _iMCC/G _k371.2950941 _mMCC/G |
||